000 00722nam a22002657a 4500
999 _c364838
_d364838
001 78528
003 UA-OsUOA
005 20191120101719.0
007 ta
008 20111014b un ||||| |||| 00| 0 ukr d
020 _a5-85886-032-Х
040 _aUA-OsUOA
_brus
_cUA-OsUOA
_dUA-OsUOA
041 _arus
080 _a821.161.1
090 _a821.161.1
_bГ61
100 _aГолон А.
245 _aАнжелика в Берберии
260 _aК.
_bЛогос
_c1992
300 _a352 с.
650 7 _a82 Література. Літературознавство
_2UDC
700 _aГолон С.
942 _cBK
_2udc
955 _a3